000 00615nam a2200241 i 4500
001 C2-0302735
003 PPAK
005 20180728083746.0
008 100208s2006 nyu |||| ||||| | eng d
020 _a0385732910
040 _aPPAK
_beng
_cPPAK
_erda
082 0 4 _a823
_223
090 0 0 _a823
_bPOR
_dLCK
100 1 _aPortman, Frank,
_eauthor
245 1 0 _aKing Dork
264 1 _aNew York :
_bDelacorte Press ,
_c2006
300 _ai, 344 pages ;
_c22 cm
336 _2rdacontent
_atext
337 _2rdamedia
_aunmediated
338 _2rdacarrier
_avolume
650 1 0 _aSchool-Fiction
942 _ddc
_cB
999 _c106278
_d106278